[Event "Portugal op Rapid"]
[Site "Lisbon POR"]
[Date "2019.02.10"]
[Round "6.1"]
[White "Motylev, Alexander"]
[Black "Hansen, Eric"]
[Result "1/2-1/2"]
[WhiteElo "2644"]
[BlackElo "2615"]
[PlyCount "42"]
[GameId "2130307611402414"]
[EventDate "2019.02.10"]
[EventType "swiss (rapid)"]
[EventRounds "8"]
[EventCountry "POR"]
[SourceTitle "The Week in Chess 1266"]
[Source "Mark Crowther"]
[SourceDate "2019.02.12"]
[SourceVersion "1"]
[SourceVersionDate "2019.02.12"]
[SourceQuality "2"]

1. e4 e5 2. Nf3 Nc6 3. Nc3 Nf6 4. d4 exd4 5. Nxd4 Bb4 6. Nxc6 bxc6 7. Bd3 d5 8. exd5 O-O 9. O-O cxd5 10. h3 c6 11. Qf3 Rb8 12. Bf4 Bd6 13. b3 Be6 14. Na4 c5 15. Rad1 Bxf4 16. Qxf4 Qa5 17. Qd2 Qc7 18. Rfe1 Bd7 19. Nc3 Bc6 20. Ne2 Rfe8 21. Ng3 Bd7 1/2-1/2

[Event "Portugal op Rapid"]
[Site "Lisbon POR"]
[Date "2019.02.10"]
[Round "7.2"]
[White "Hansen, Eric"]
[Black "Xu, Xiangyu"]
[Result "0-1"]
[WhiteElo "2615"]
[BlackElo "2565"]
[PlyCount "102"]
[GameId "2130307611402449"]
[EventDate "2019.02.10"]
[EventType "swiss (rapid)"]
[EventRounds "8"]
[EventCountry "POR"]
[SourceTitle "The Week in Chess 1266"]
[Source "Mark Crowther"]
[SourceDate "2019.02.12"]
[SourceVersion "1"]
[SourceVersionDate "2019.02.12"]
[SourceQuality "2"]

1. e4 e5 2. Nf3 Nf6 3. Nxe5 d6 4. Nf3 Nxe4 5. Nc3 Nxc3 6. dxc3 Be7 7. Be3 Nc6 8. Qd2 Be6 9. Ng5 Bxg5 10. Bxg5 Qd7 11. O-O-O f6 12. Be3 O-O-O 13. f3 h5 14. h4 Rhe8 15. b3 Bf5 16. Bf2 Re7 17. Be2 Rde8 18. Rhe1 a6 19. Bf1 Rxe1 20. Bxe1 Qf7 21. Bf2 Qg6 22. Kb2 Re5 23. a3 Qf7 24. Qf4 Bh7 25. Rd2 Qe8 26. Rd1 Kb8 27. Qd2 Kc8 28. Bg3 Re7 29. Bf4 Qd7 30. c4 Qe6 31. Bg3 Re8 32. Bf4 Bg6 33. Qc3 Re7 34. Qd2 Re8 35. Qf2 Re7 36. Bd2 a5 37. Bc3 b6 38. Qg3 Qf7 39. Qf4 Kb7 40. Qd2 Qe6 41. Qf2 Ne5 42. g3 Kb8 43. Bg2 Nd7 44. Re1 Qf7 45. f4 Rxe1 46. Bxe1 Nc5 47. f5 Bh7 48. Qf3 d5 49. cxd5 Qd7 50. d6 c6 51. Qxc6 Qxc6 0-1

[Event "Portugal op Rapid"]
[Site "Lisbon POR"]
[Date "2019.02.10"]
[Round "8.3"]
[White "Sukandar, I."]
[Black "Hansen, Eric"]
[Result "1/2-1/2"]
[WhiteElo "2397"]
[BlackElo "2615"]
[PlyCount "132"]
[GameId "2130307611406580"]
[EventDate "2019.02.10"]
[EventType "swiss (rapid)"]
[EventRounds "8"]
[EventCountry "POR"]
[SourceTitle "The Week in Chess 1266"]
[Source "Mark Crowther"]
[SourceDate "2019.02.12"]
[SourceVersion "1"]
[SourceVersionDate "2019.02.12"]
[SourceQuality "2"]

1. d4 Nf6 2. Bf4 c5 3. e3 e6 4. Nf3 d5 5. c3 Bd6 6. Bg3 O-O 7. Nbd2 Qc7 8. Bd3 Nbd7 9. Bxd6 Qxd6 10. O-O b6 11. Re1 Bb7 12. e4 dxe4 13. Nxe4 Qc7 14. dxc5 bxc5 15. Qe2 Rab8 16. Nxf6+ Nxf6 17. Ne5 Rfd8 18. Bc4 Bd5 19. Rad1 Qb7 20. Bxd5 exd5 21. Qf3 Re8 22. b3 Qa6 23. Re2 Re6 24. Nd3 Rxe2 25. Qxe2 Re8 26. Qf3 Qxa2 27. Nxc5 a5 28. Qd3 h5 29. h3 Re2 30. Qf5 Qb2 31. c4 Re5 32. Qc8+ Re8 33. Qf5 dxc4 34. bxc4 Qc3 35. Nd7 Ne4 36. Nb6 g6 37. Qd7 Nf6 38. Qd2 Qb3 39. Nd5 Nxd5 40. cxd5 a4 41. d6 a3 42. d7 Rd8 43. Rc1 a2 44. Kh2 Kh7 45. Ra1 Qb8+ 46. g3 Qb7 47. Rxa2 Rxd7 48. Qb2 Qf3 49. Ra3 Qf5 50. Ra8 f6 51. Rb8 h4 52. gxh4 Qf4+ 53. Kg2 Qe4+ 54. Kh2 Qf4+ 55. Kg2 Kg7 56. Rb4 Qf5 57. Rg4 Qd5+ 58. Kh2 Qf5 59. Qe2 Rc7 60. Re4 Kf7 61. Qa2+ Kg7 62. Qe2 Qc5 63. Qe3 Qd6+ 64. Qg3 Qxg3+ 65. Kxg3 Rc3+ 66. f3 Kf7 1/2-1/2

[Event "Portugal op"]
[Site "Lisbon POR"]
[Date "2019.02.03"]
[Round "2.3"]
[White "Real, Thibault"]
[Black "Hansen, Eric"]
[Result "0-1"]
[WhiteElo "2211"]
[BlackElo "2615"]
[PlyCount "70"]
[GameId "2130307611552655"]
[EventDate "2019.02.02"]
[EventType "swiss"]
[EventRounds "9"]
[EventCountry "POR"]
[SourceTitle "10 Days #569"]
[Source "ChessMix"]
[SourceDate "2019.02.10"]
[SourceVersion "1"]
[SourceVersionDate "2019.02.10"]
[SourceQuality "1"]

1. d4 Nf6 2. Bf4 g6 3. Nc3 d5 4. e3 Bg7 5. h4 c6 6. h5 Nxh5 7. Rxh5 gxh5 8. Qxh5 Nd7 9. Bd3 Nf8 10. O-O-O Ng6 11. Bg3 Qd7 12. f3 b6 13. f4 Qg4 14. Qh2 h5 15. Nh3 h4 16. Bf2 Qh5 17. e4 Bxh3 18. gxh3 Bh6 19. Kb1 Nxf4 20. Ba6 Rd8 21. Rg1 dxe4 22. Rg4 Qf5 23. Rxh4 Ng6 24. Rxe4 Bf4 25. Qg1 Qxh3 26. Qd1 Qg2 27. Re2 Rh1 28. Be1 Qh3 29. Ne4 Be3 30. c3 Nf4 31. Nf2 Qh7+ 32. Ka1 Nxe2 33. Nxh1 Nxd4 34. cxd4 Rxd4 35. Qf3 Qxh1 0-1

[Event "Portugal op"]
[Site "Lisbon POR"]
[Date "2019.02.04"]
[Round "4.3"]
[White "Korley, Kassa"]
[Black "Hansen, Eric"]
[Result "1/2-1/2"]
[WhiteElo "2426"]
[BlackElo "2615"]
[PlyCount "54"]
[GameId "2130307611556875"]
[EventDate "2019.02.02"]
[EventType "swiss"]
[EventRounds "9"]
[EventCountry "POR"]
[SourceTitle "10 Days #569"]
[Source "ChessMix"]
[SourceDate "2019.02.10"]
[SourceVersion "1"]
[SourceVersionDate "2019.02.10"]
[SourceQuality "1"]

1. d4 Nf6 2. Nf3 e6 3. c4 d5 4. e3 Be7 5. Nc3 O-O 6. Qc2 a6 7. cxd5 exd5 8. Bd3 b6 9. O-O Bb7 10. b3 Bd6 11. e4 dxe4 12. Nxe4 Nxe4 13. Bxe4 Bxe4 14. Qxe4 Nd7 15. Bg5 Re8 16. Qc2 Qc8 17. Rfe1 Qb7 18. Bh4 h6 19. Bg3 Nf6 20. Bxd6 cxd6 21. Rxe8+ Rxe8 22. Rc1 Qd5 23. h3 b5 24. Qc6 a5 25. Qxd5 Nxd5 26. Rc6 Re2 27. Rxd6 Nf4 1/2-1/2

[Event "Portugal op"]
[Site "Lisbon POR"]
[Date "2019.02.06"]
[Round "5.4"]
[White "Hansen, Eric"]
[Black "Damaso, Rui"]
[Result "1-0"]
[WhiteElo "2615"]
[BlackElo "2439"]
[PlyCount "61"]
[GameId "2130307611561033"]
[EventDate "2019.02.02"]
[EventType "swiss"]
[EventRounds "9"]
[EventCountry "POR"]
[SourceTitle "10 Days #569"]
[Source "ChessMix"]
[SourceDate "2019.02.10"]
[SourceVersion "1"]
[SourceVersionDate "2019.02.10"]
[SourceQuality "1"]

1. e4 d6 2. d4 Nf6 3. Nc3 e5 4. Nf3 Nbd7 5. Bc4 Be7 6. O-O Nb6 7. Bb3 exd4 8. Qxd4 O-O 9. Bf4 a5 10. a4 Bg4 11. Qd3 Nfd7 12. Nd4 Ne5 13. Qd2 Bf6 14. f3 Nec4 15. Qf2 Bd7 16. Bxc4 Nxc4 17. b3 Ne5 18. Rad1 c6 19. Rd2 Re8 20. Rfd1 Qb6 21. Nde2 Qb4 22. Rd4 Ng4 23. fxg4 Bxd4 24. Rxd4 Qa3 25. h3 Qb2 26. Rd2 Rad8 27. Qb6 Bc8 28. Qxa5 d5 29. exd5 cxd5 30. Kh2 b6 31. Qb4 1-0

[Event "Portugal op"]
[Site "Lisbon POR"]
[Date "2019.02.07"]
[Round "6.3"]
[White "Kadric, Denis"]
[Black "Hansen, Eric"]
[Result "1-0"]
[WhiteElo "2545"]
[BlackElo "2615"]
[PlyCount "136"]
[GameId "2130307611561089"]
[EventDate "2019.02.02"]
[EventType "swiss"]
[EventRounds "9"]
[EventCountry "POR"]
[SourceTitle "10 Days #569"]
[Source "ChessMix"]
[SourceDate "2019.02.10"]
[SourceVersion "1"]
[SourceVersionDate "2019.02.10"]
[SourceQuality "1"]

1. e4 e5 2. Nf3 Nc6 3. Bc4 Bc5 4. c3 Nf6 5. d3 a6 6. O-O d6 7. Nbd2 O-O 8. h3 Ba7 9. Bb3 Ne7 10. Re1 Ng6 11. Nf1 Be6 12. Bc2 h6 13. Ng3 Re8 14. d4 c6 15. Be3 Qc7 16. Qd2 Rad8 17. Nf5 Bxf5 18. exf5 e4 19. Nh2 Nf8 20. Ng4 Qe7 21. f3 Nxg4 22. hxg4 exf3 23. gxf3 Qh4 24. Kg2 d5 25. Rh1 Qe7 26. Rae1 Bb8 27. f4 Qd6 28. Qf2 Rxe3 29. Qxe3 Qxf4 30. Qxf4 Bxf4 31. Re2 Nd7 32. Bd3 Nf6 33. Kf3 Bd6 34. b4 Ra8 35. Rb1 Kf8 36. a4 Rc8 37. Rh1 Kg8 38. Rg1 Nh7 39. Ke3 Kf8 40. Kd2 Bf4+ 41. Kc2 Nf6 42. Kb3 Nd7 43. Rgg2 Bg5 44. Ra2 Bf6 45. Rac2 Ke7 46. Rge2+ Kd6 47. Rc1 a5 48. c4 axb4 49. cxd5 c5 50. Bb5 Bxd4 51. Bxd7 Kxd7 52. Kc4 b6 53. Rce1 Bf6 54. Ra2 Ra8 55. Re4 Kd6 56. Ree2 Ra5 57. Red2 Be5 58. Re2 Bc3 59. Rf2 Bf6 60. Rfe2 Bd4 61. Rg2 b3 62. Kxb3 Kxd5 63. Rge2 Ra7 64. Re8 c4+ 65. Kb4 Bc5+ 66. Kc3 Bd4+ 67. Kb4 Bc5+ 68. Kc3 Bd4+ 1-0

[Event "Portugal op"]
[Site "Lisbon POR"]
[Date "2019.02.07"]
[Round "7.2"]
[White "Hansen, Eric"]
[Black "Iniyan, Panneerseluam"]
[Result "1/2-1/2"]
[WhiteElo "2615"]
[BlackElo "2480"]
[PlyCount "65"]
[GameId "2130307611565242"]
[EventDate "2019.02.02"]
[EventType "swiss"]
[EventRounds "9"]
[EventCountry "POR"]
[SourceTitle "10 Days #569"]
[Source "ChessMix"]
[SourceDate "2019.02.10"]
[SourceVersion "1"]
[SourceVersionDate "2019.02.10"]
[SourceQuality "1"]

1. e4 c5 2. Nf3 d6 3. Bb5+ Nd7 4. Ba4 Ngf6 5. O-O a6 6. c4 Qc7 7. Nc3 e6 8. d4 cxd4 9. Qxd4 Be7 10. Rd1 O-O 11. Bxd7 Nxd7 12. Bg5 f6 13. Be3 Ne5 14. Nxe5 dxe5 15. Qb6 Qxc4 16. Rac1 Qb4 17. a3 Qxb6 18. Bxb6 f5 19. f3 Bg5 20. Rc2 Rf7 21. h4 Bxh4 22. Rcd2 Bg5 23. Rd3 a5 24. Na4 h6 25. b3 Ra6 26. g3 Kh7 27. Kg2 fxe4 28. fxe4 Kg6 29. Kh3 Kh7 30. Kg2 Kg6 31. Kh2 Kh7 32. Kh3 Kg6 33. Kh2 1/2-1/2

[Event "Portugal op"]
[Site "Lisbon POR"]
[Date "2019.02.08"]
[Round "8.4"]
[White "Galego, Luis"]
[Black "Hansen, Eric"]
[Result "1/2-1/2"]
[WhiteElo "2508"]
[BlackElo "2615"]
[PlyCount "62"]
[GameId "2130307611569398"]
[EventDate "2019.02.02"]
[EventType "swiss"]
[EventRounds "9"]
[EventCountry "POR"]
[SourceTitle "10 Days #569"]
[Source "ChessMix"]
[SourceDate "2019.02.10"]
[SourceVersion "1"]
[SourceVersionDate "2019.02.10"]
[SourceQuality "1"]

1. Nf3 g6 2. d4 Nf6 3. Bg5 Bg7 4. Nbd2 O-O 5. e4 d6 6. c3 c5 7. dxc5 dxc5 8. Bc4 Nc6 9. h3 Qc7 10. O-O b6 11. Re1 Nh5 12. Nf1 Rd8 13. Qc1 Bb7 14. Ne3 Ne5 15. Nxe5 Bxe5 16. Ng4 Bf4 17. Bxf4 Qxf4 18. Qxf4 Nxf4 19. Nh6+ Kg7 20. Nxf7 Rd2 21. Ne5 Rxb2 22. Rad1 b5 23. Bf1 Bc8 24. Rd8 c4 25. a4 a6 26. Re8 Kf6 27. Nd7+ Kf7 28. Rh8 Kg7 29. Re8 Kf7 30. Rh8 Kg7 31. Re8 Kf7 1/2-1/2

[Event "PRO League Group Stage"]
[Site "chess.com INT"]
[Date "2019.03.12"]
[Round "10"]
[White "Hansen, Eric"]
[Black "Durarbayli, Vasif"]
[Result "1/2-1/2"]
[WhiteElo "2615"]
[BlackElo "2620"]
[PlyCount "120"]
[GameId "2130307612484994"]
[EventDate "2019.01.08"]
[EventType "team"]
[EventRounds "10"]
[EventCountry "USA"]
[SourceTitle "The Week in Chess 1272"]
[Source "Mark Crowther"]
[SourceDate "2019.03.25"]
[SourceVersion "1"]
[SourceVersionDate "2019.03.25"]
[SourceQuality "2"]
[WhiteTeam "Montreal Chessbrahs"]
[BlackTeam "Webster Windmills"]

1. e4 e5 2. Nf3 Nc6 3. Bb5 a6 4. Ba4 Nge7 5. c3 g6 6. d4 exd4 7. cxd4 b5 8. Bb3 Bg7 9. d5 Na5 10. Bd2 Nxb3 11. Qxb3 c5 12. Bc3 f6 13. a4 b4 14. Bd2 d6 15. Bf4 g5 16. Bg3 h6 17. h4 f5 18. hxg5 fxe4 19. Nfd2 Nf5 20. Nxe4 Qe7 21. Nbd2 Bb7 22. O-O-O O-O-O 23. Rhe1 Nxg3 24. Qxg3 Bxd5 25. Nc4 Bxe4 26. Rxd6 Qxg5+ 27. Qxg5 hxg5 28. Rxd8+ Kxd8 29. Rxe4 Bd4 30. Rg4 Bxf2 31. Rxg5 Rh4 32. Rg8+ Kc7 33. b3 Bd4 34. Rg6 Rh1+ 35. Kc2 Rg1 36. Kd3 Rb1 37. Na5 Rc1 38. g4 Rc3+ 39. Ke4 Rg3 40. Kd5 Kd7 41. g5 Ke7 42. Re6+ Kd7 43. Rg6 Ke7 44. Rxa6 Rxg5+ 45. Kc4 Rg3 46. Rh6 Kd7 47. Rh7+ Kd6 48. Kb5 Kd5 49. Rh5+ Ke4 50. Nc4 Kd3 51. a5 Kc3 52. a6 Kxb3 53. a7 Rg8 54. Rh3+ Bc3 55. Rh2 Ra8 56. Na5+ Ka3 57. Nc4+ Kb3 58. Na5+ Ka3 59. Nc4+ Kb3 60. Na5+ Ka3 1/2-1/2

[Event "Saint Louis Fall-A"]
[Site "Saint Louis USA"]
[Date "2018.10.10"]
[Round "1"]
[White "Hammer, Jon Ludvig"]
[Black "Hansen, Eric"]
[Result "0-1"]
[WhiteElo "2662"]
[BlackElo "2629"]
[PlyCount "84"]
[GameId "2129404764221518"]
[EventDate "2018.10.10"]
[EventType "tourn"]
[EventRounds "9"]
[EventCountry "USA"]
[EventCategory "17"]

{[%evp 17,83,4,11,-4,2,13,14,10,14,-9,0,-14,0,-50,0,-29,-35,-28,-13,-33,-15,-34,-19,-54,-54,-42,-39,-49,-46,-80,-72,-93,-82,-92,-97,-87,-95,-94,-98,-88,-92,-104,-95,-91,-97,-97,-92,-93,-91,-99,-79,-128,-111,-181,-162,-168,-81,-491,-502,-506,-506,-506,-504,-622,-613,-29981,-29982,-29999]} 1. e4 c5 2. Nf3 d6 3. d4 cxd4 4. Nxd4 Nf6 5. Nc3 a6 6. g3 e5 7. Nf3 {B91: Sizilianisch (Najdorf-Variante mit 6.g3)} (7. Nb3 Be7 8. Bg2 O-O 9. a4 Nc6 10. O-O Nb4 11. a5 Be6 12. Bg5 h6 13. Bxf6 Bxf6 14. Ra4 Nc6 15. Nd5 Rc8 16. c3 g6 17. Nxf6+ Qxf6 18. Qxd6 {1/2-1/2 (68) Duda,J (2737)-Grischuk,A (2766) chess.com INT 2018}) 7... Be7 8. Bg2 O-O 9. O-O b5 {LiveBook: 4 Partien} 10. Nd5 Bb7 $146 ({Vorgänger:} 10... Bg4 11. Nxf6+ Bxf6 12. Be3 Nc6 13. a4 b4 14. Qd2 a5 {1/2-1/2 (24) Ruparelia,N-Agar,R CServe email 1995}) 11. Nxe7+ Qxe7 12. Nh4 {Schwarz muss nun Sf5 beachten.} Qe6 ({Viel schwächer wäre} 12... Nxe4 13. Nf5 $16) ({Aber nicht} 12... Bxe4 $2 13. Bxe4 Nxe4 14. Qd5 $18) 13. Re1 Nbd7 14. Qe2 Rac8 15. c3 Rc4 16. f3 d5 17. exd5 Bxd5 18. Qf1 Re8 19. Bd2 h6 20. b3 {[#] zielt auf Lh3 ab.} Rcc8 $36 {[%mdl 2048] Schwarz steht aktiver.} 21. Rac1 a5 22. Bh3 ({Bitte nicht} 22. Qxb5 g5 $17) 22... Qc6 23. c4 bxc4 24. bxc4 Bxc4 25. Qf2 Qa6 26. Nf5 Rc6 27. Nd4 Rb6 28. Bxa5 Qxa5 29. Rxc4 Rb2 30. Rc2 Rxc2 31. Nxc2 Qxa2 32. Ne3 Qb3 33. Bf5 Nc5 34. Qd2 e4 35. Rc1 (35. Qd4 $17 Ne6 36. Bxe6 Rxe6 37. f4) 35... Nd3 $19 36. Rf1 Ra8 (36... Qb6 $19 {und Schwarz behält klar die Oberhand. Und weiter mit ...g6 wäre nett.} 37. fxe4 Ne5) 37. Bxe4 $2 {[%mdl 8192]} (37. fxe4 $17 {nur so!} Ra2 38. Qd1) 37... Nxe4 38. fxe4 Ra2 39. Qd1 Qb2 {[%csl Ga2][%cal Rb2h2] [#]} 40. Qh5 Ne5 41. Kh1 Qd2 42. Qxe5 Qxh2# {Precision: Weiß = 35%, Schwarz = 65%.} 0-1

[Event "Saint Louis Fall-A"]
[Site "Saint Louis USA"]
[Date "2018.10.11"]
[Round "2"]
[White "Hansen, Eric"]
[Black "Lenderman, Alex"]
[Result "0-1"]
[WhiteElo "2629"]
[BlackElo "2626"]
[PlyCount "78"]
[GameId "2129404764221523"]
[EventDate "2018.10.10"]
[EventType "tourn"]
[EventRounds "9"]
[EventCountry "USA"]
[EventCategory "17"]

{[%evp 14,78,34,34,33,26,25,25,25,5,9,8,18,12,10,9,22,7,27,30,36,21,35,36,37,0,0,0,-11,-25,-14,-39,-17,-29,-12,-12,-12,-14,-14,-21,-23,-73,-44,-77,-79,-90,-88,-118,-123,-170,-151,-195,-203,-205,-193,-251,-244,-272,-262,-258,-214,-392,-404,-1527,-1460,-29994,-29995]} 1. e4 c6 2. Nc3 d5 3. Nf3 dxe4 4. Nxe4 Nf6 5. Qe2 Nxe4 6. Qxe4 Be6 {B11: Caro-Kann: Two Knights Variation} (6... Qd5 7. Qe3 Bf5 8. d3 Nd7 9. Bd2 e5 10. Bc3 f6 11. Be2 Bc5 12. d4 Bb6 13. Qd2 e4 14. Qe3 {0-1 (56) Zvjaginsev,V (2644)-Riazantsev,A (2649) Cheliabinsk 2018}) 7. b3 Nd7 8. Bb2 {LiveBook: 3 Games} Nf6 {White is slightly better.} 9. Qe3 $146 ({Predecessor:} 9. Qe5 Bg4 10. Qf4 e6 11. Bd3 Bh5 12. Ne5 Bg6 13. Nxg6 hxg6 14. Qf3 {1-0 (54) Buksa,N (2357)-Girya,O (2470) Stary Smokovec 2018}) 9... Bf5 10. c4 e6 11. h3 h6 12. Be2 Be7 13. O-O O-O 14. Rfe1 Bh7 15. Ne5 Ne4 16. d3 Bc5 17. d4 Bb4 {Strongly threatening ...Bd2.} 18. Red1 Qg5 19. f4 Qg3 20. Bf3 Rad8 21. Nd3 (21. Qe2 $5 {[%cal Rf3e4]} Nd6 22. Nd3 Bxd3 23. Rxd3 $11) 21... Be7 22. Nc1 Qg6 23. Ne2 Ng3 24. Nxg3 Qxg3 25. d5 cxd5 26. cxd5 Bc2 27. Rdc1 Bf5 28. Be5 Rxd5 {aiming for ...Rfd8.} 29. Rc3 Ra5 30. a4 b6 31. Kh1 Rc5 32. a5 Rfc8 33. axb6 axb6 34. Rxc5 (34. Ra8 $142 Rxa8 35. Bxa8 Rxc3 36. Qxc3) 34... Bxc5 $19 ({Don't play} 34... Rxc5 35. Qe1 $17) 35. Bd4 Bxd4 36. Qxd4 {[#]} Bxh3 $1 {[%mdl 512]} 37. Bb7 $2 {[#]} (37. Be4 {might work better.}) (37. gxh3 Qxf3+) 37... Rc2 $1 {[%cal Rh3g2]} 38. Ra8+ (38. Qg1 $142 Bf5 39. Qd4) 38... Kh7 39. Be4+ f5 {Precision: White = 35%, Black = 71%.} 0-1

[Event "Saint Louis Fall-A"]
[Site "Saint Louis USA"]
[Date "2018.10.12"]
[Round "3"]
[White "Dreev, Alexey"]
[Black "Hansen, Eric"]
[Result "1-0"]
[WhiteElo "2649"]
[BlackElo "2629"]
[PlyCount "93"]
[GameId "2129404764221527"]
[EventDate "2018.10.10"]
[EventType "tourn"]
[EventRounds "9"]
[EventCountry "USA"]
[EventCategory "17"]

{[%evp 16,93,18,34,31,22,25,15,11,12,14,7,39,12,14,8,16,24,30,29,16,6,13,16,40,58,75,75,99,91,85,95,75,84,68,77,76,73,97,97,91,87,104,91,139,91,86,89,118,97,107,100,134,100,106,77,108,108,107,100,102,93,157,149,232,152,369,369,344,185,560,549,5214,5222,2308,2225,2225,2085,5603,5377]} 1. d4 Nf6 2. Nf3 g6 3. g3 Bg7 4. Bg2 O-O 5. O-O d5 6. c4 dxc4 7. Na3 {[%cal Bb1a3,Ba3c4,Bc4a5,Ba5c6][%mdl 32]} c5 8. Nxc4 Be6 {D77: Fianchetto Grünfeld: 6 0-0: Replies other than 6...c6} 9. Nfe5 {LiveBook: 4 Games} (9. Nce5 cxd4 10. Qxd4 Qxd4 11. Nxd4 Bd5 12. Rd1 Bxg2 13. Kxg2 Rd8 14. Bf4 Nd5 15. Ndf3 Na6 16. Bd2 {1/2-1/2 (35) Nakamura,H (2777)-Caruana,F (2822) Saint Louis 2018}) 9... Qc8 10. dxc5 Nfd7 $1 {[%cal Rd7e5] The position is equal.} 11. Nxd7 Nxd7 12. c6 bxc6 13. Na5 Bd5 14. Bxd5 cxd5 15. Qxd5 Nb6 16. Qe4 $146 {[%mdl 2048] White has good play.} ({Predecessor:} 16. Qb5) 16... Qa6 17. Nc6 e6 18. Nb4 Qb5 19. Nd3 Rac8 20. Be3 Nc4 21. Rac1 ({Weaker is} 21. Bxa7 Nd2 $17) 21... a5 22. a4 Qd5 23. Qxd5 exd5 24. b3 Nxe3 25. Rxc8 Rxc8 26. fxe3 $16 {[%mdl 4096] Endgame KRB-KRN} Re8 27. Kf2 Bc3 28. Nf4 d4 29. Nd5 {Hoping for Nf6+.} Kg7 30. exd4 Bxd4+ 31. e3 Ba7 32. Rd1 h5 33. Kf3 g5 34. Rd3 Re5 35. h4 f6 36. b4 axb4 37. Nxb4 {And now Rd7+ would win.} Bc5 38. Nd5 Kg6 {[#]} (38... Re6 $142 39. Rc3 Bf8 40. Rc7+ Kg6) 39. a5 $1 {[%cal Ba4a5,Ba5a6][%mdl 32]} Kf5 (39... Ba7 $16 40. a6 Rf5+ 41. Kg2 Re5) 40. a6 {Threatens to win with e4+!} Ba7 $2 {[#]} (40... Kg6 $16 41. e4 f5 42. exf5+ Kxf5) 41. e4+ $1 $18 {[%mdl 512]} Kg6 (41... Rxe4 42. Ne3+) 42. hxg5 (42. Rc3 $142) 42... fxg5 $2 {[#]} (42... Kxg5 {is a better chance.} 43. Nc3 Re6) 43. Rc3 $1 {[%cal Rc3c6] White is clearly winning.} g4+ 44. Kf4 Bb8 45. Rc6+ Re6+ 46. Ke3 Kf7 {[#]} 47. Rc7+ $1 {[%mdl 512] Precision: White = 77%, Black = 34%.} 1-0

[Event "Saint Louis Fall-A"]
[Site "Saint Louis USA"]
[Date "2018.10.13"]
[Round "4"]
[White "Hansen, Eric"]
[Black "Robson, Ray"]
[Result "1/2-1/2"]
[WhiteElo "2629"]
[BlackElo "2682"]
[PlyCount "60"]
[GameId "2129404764221534"]
[EventDate "2018.10.10"]
[EventType "tourn"]
[EventRounds "9"]
[EventCountry "USA"]
[EventCategory "17"]

{[%evp 18,60,23,22,25,12,12,8,11,0,13,11,12,8,12,4,9,8,21,13,29,12,9,0,0,0,0,0,0,0,0,0,0,0,0,0,0,0,0,0,0,0,0,0,0]} 1. e4 e5 2. Nf3 Nc6 3. Bb5 Nf6 4. O-O Nxe4 5. Re1 Nd6 6. Nxe5 Be7 7. Bf1 Nxe5 8. Rxe5 O-O 9. d4 Bf6 10. Re1 Re8 {C67: Ruy Lopez: Berlin Defence: 4 0-0 Nxe4} 11. Rxe8+ (11. c3 Rxe1 12. Qxe1 Ne8 13. d5 c6 14. Nd2 cxd5 15. Nf3 d6 16. Be3 Nc7 17. Qd2 Bd7 18. g3 {1/2-1/2 (32) Giri,A (2780)-Caruana,F (2827) Batumi 2018}) 11... Nxe8 12. c3 d5 13. Bf4 g6 14. Nd2 Ng7 15. h3 c6 16. Nf3 Bf5 17. Qd2 Be7 $146 ({Predecessor:} 17... Qa5 18. g4 {0-1 (57) Moen,A (2330)-Arvola,B (2435) Stavanger 2017}) 18. Re1 Bd6 19. Bxd6 Qxd6 {The position is equal.} 20. Bd3 Bxd3 21. Qxd3 Re8 22. Rxe8+ Nxe8 23. Qe2 Ng7 24. Ne5 Qe7 {[#] White must now prevent ...f6.} 25. Kf1 f6 26. Nd3 Kf7 27. Qxe7+ Kxe7 28. Ke2 Kd6 29. g4 b6 30. Ke3 Ne6 {Precision: White = 83%, Black = 76%.} 1/2-1/2

[Event "Saint Louis Fall-A"]
[Site "Saint Louis USA"]
[Date "2018.10.14"]
[Round "5"]
[White "Swiercz, Dariusz"]
[Black "Hansen, Eric"]
[Result "0-1"]
[WhiteElo "2656"]
[BlackElo "2629"]
[PlyCount "128"]
[GameId "2129404764221540"]
[EventDate "2018.10.10"]
[EventType "tourn"]
[EventRounds "9"]
[EventCountry "USA"]
[EventCategory "17"]

{[%evp 14,128,44,46,48,53,57,46,58,52,54,51,79,68,69,62,100,46,57,49,51,54,50,50,57,41,58,33,35,50,39,36,29,41,54,27,45,0,20,0,0,-29,0,-25,0,0,16,-22,0,0,6,0,29,0,0,0,0,-13,0,-25,-8,-26,-13,-47,-14,-44,-42,-55,-23,-39,-65,-70,-66,-89,-77,-198,-187,-184,-195,-179,-157,-153,-96,-110,-112,-140,-140,-132,-100,-237,-237,-234,-215,-338,-352,-409,-385,-1187,-1166,-5795,-4898,-29990,-29991,-29991,-29992,-29993,-29994,-29994,-29995,-29995,-29996,-29996,-29997,-29997,-29998,-29998,-29999]} 1. d4 Nf6 2. Bf4 g6 3. Nc3 d5 4. e3 Bg7 5. h4 h5 6. Nf3 {A45: Trompowsky Attack} Bg4 7. Qd2 Bxf3 8. gxf3 {LiveBook: 4 Games. White is slightly better.} O-O 9. O-O-O Nc6 $146 ({Predecessor:} 9... c5 10. dxc5 Nc6 11. Nxd5 Nxd5 12. Qxd5 {1-0 (23) Navara,D (2732)-Bobras,P (2512) Czech Republic 2017}) 10. Kb1 a6 11. e4 e6 12. Bg5 {Hoping for e5.} Qd7 13. Bh3 Ne7 14. Rhg1 b5 15. Qf4 (15. Qe3 $16) 15... Nh7 $14 16. Bh6 Qd6 17. e5 Qd8 18. Ne2 {[%cal Bc3e2,Be2f4,Bf4d3,Bd3c5][%mdl 32] Ng3 is the strong threat.} Bxh6 19. Qxh6 Kh8 20. Nf4 Rg8 21. Nd3 Rg7 22. Nc5 Ng8 23. Qf4 Qe7 24. Bf1 Nf8 25. Bd3 Nd7 26. Nxd7 Qxd7 27. Rg5 Qe7 28. Rdg1 Rc8 29. Qg3 {Black must now prevent Rxh5+!} Qf8 $1 30. f4 {aiming for f5!} Ne7 31. Qe3 Rh7 32. a3 c6 33. Qd2 c5 34. dxc5 Rxc5 35. Qa5 {Strongly threatening f5.} Qc8 36. Qb4 Kg8 {[%cal Bh8g8,Bg8f8,Bf8e8][%mdl 32]} 37. Qd4 Rc6 38. R5g3 Kf8 39. Qb4 (39. f5 $5 exf5 40. c3 $11) 39... Qc7 40. Qd4 Ke8 41. a4 bxa4 42. Qxa4 Kf8 43. Qd4 a5 44. Rf3 (44. c3 $17) 44... Rb6 $19 45. Kc1 Rb4 46. Qc3 Qb6 47. Qa3 a4 (47... Rh8 $142 48. c3 Rb3) 48. c3 Rb3 49. Qxa4 Rxb2 50. Bc2 Rb5 51. Qa8+ {[#]} (51. Kd2 $17 {keeps fighting.}) 51... Kg7 $1 ({Not} 51... Qb8 52. Qxb8+ Rxb8 53. Kd2 $17) 52. Qe8 Qc5 53. Rfg3 {[#]} (53. f5 $142 exf5 54. Qd7) 53... Rh6 $1 ({Inferior is} 53... Rh8 54. Rxg6+ fxg6 55. Rxg6+ Nxg6 56. Qxg6+ Kf8 57. Qf6+ Kg8 58. Qg6+ Kf8 59. Qf6+ Ke8 60. Qxh8+ Kd7 61. Qxh5 $11) 54. f5 Nxf5 55. Bxf5 $2 (55. Qd8 Nxg3 56. Qf6+ Kg8 57. Rxg3) 55... exf5 56. e6 Qa3+ 57. Kd2 Rb2+ {Black mates.} 58. Kd3 Qa6+ 59. Kd4 Qc4+ 60. Ke5 f6+ 61. Kd6 Rb6+ 62. Ke7 Qc5+ 63. Kd8 Rb8+ 64. Kd7 Rb7+ {Precision: White = 34%, Black = 67%.} 0-1